000 00748nam a22002297a 4500
003 OSt
005 20260612114655.0
008 260612b |||||||| |||| 00| 0 eng d
020 _a0872071472
040 _cChuka University Library
050 _aLC 6551
_b.L5 1996
100 _aGambrell, Linda B [Editor]
_928868
245 _aLively Discussions! Fostering Engaged Reading
260 _aDelaware
_bInternational Reading Association
_c1996
300 _avaroius pages
_bIllustrated
650 _aForums [Discussion and debate]
_928869
650 _aReading [Elementary]
650 _aLiterature-Study and teaching [Elementary]
_926726
650 _aGroup reading
_928257
700 _aAlmasi, Janice F. [Editor]
_928870
942 _2lcc
_cBK
_n0
999 _c24122
_d24122